[Event "Asian Zonal 3.3 Women 2019"]
[Site "Ulaanbaatar"]
[Date "2019.04.12"]
[Round "6.15"]
[White "Bayarmaa, Bayarjargal"]
[Black "Unurzul, Davaakhuu"]
[Result "1-0"]
[WhiteElo "2147"]
[BlackElo "1378"]
[Annotator "TA"]
[PlyCount "99"]
[EventDate "2019.04.07"]
[EventType "swiss"]
[EventRounds "9"]
[EventCountry "MGL"]
[SourceTitle "playchess.com"]
[Source "ChessBase"]
[SourceQuality "1"]

{[%evp 13,98,29,56,56,81,65,120,112,124,103,93,75,72,64,72,27,26,38,35,20,32,16,45,24,29,13,48,0,54,-17,-8,-17,0,13,22,23,61,18,22,21,30,16,16,19,53,19,58,42,75,83,84,77,118,110,147,106,160,109,171,95,216,200,177,172,212,189,220,197,228,186,333,321,351,249,236,234,236,217,321,234,281,214,487,416,343,0,29999]} 1. d4 Nf6 2. c4 g6 3. Nc3 d5 4. Nf3 Bg7 5. Bg5 c6 6. e3 O-O 7. Bd3 Nbd7 8. O-O {D91: Grünfeld: 4 Nf3 Bg7 5 Bg5} (8. cxd5 Nxd5 9. Nxd5 cxd5 10. O-O Nf6 11. Qb3 b6 12. Rfc1 Ne4 13. Bf4 Bb7 14. Rc7 e5 15. Bxe5 Bxe5 16. Rxb7 {1-0 (41) Khismatullin,D (2617)-Nasuta,G (2454) St Petersburg 2016}) 8... Re8 9. Rc1 (9. Qc2 {is more complex.} Nb6 10. b3 Bg4 11. Ne5 Be6 12. f4) 9... e5 ({Better is} 9... dxc4 $14 10. Bxc4 Nb6) 10. cxd5 $16 {White is better.} cxd5 11. dxe5 Nxe5 12. Nxe5 Rxe5 13. Bf4 Re7 $146 ({Predecessor:} 13... Re8 14. Nb5 Be6 15. Nc7 {0-1 (30) Basso,L (1909)-De Sio,G (1656) Napoli 2016}) 14. Qa4 Bd7 15. Qa3 Bc6 16. Ne2 Ne4 17. Nd4 Bf8 18. b4 Re8 19. Qb2 Bg7 20. Rfd1 Qh4 (20... a6 $11) 21. Bf1 (21. b5 $14 Bd7 22. f3) 21... Ba4 $11 22. Bg3 Nxg3 23. hxg3 $40 {[%mdl 128] White attacks.} Qe4 24. Rd2 a6 25. Be2 Rac8 26. Bf3 Qe5 27. Qa3 Rxc1+ 28. Qxc1 Qd6 29. Qa3 (29. a3 {looks sharper.} Be5 30. Ne2 Bb3 31. Nf4 Rd8 32. Nxd5 b5 33. Qb1) 29... Bc6 30. Qb3 Bxd4 31. Rxd4 Rd8 32. Qd1 f5 33. g4 Qe5 34. Qd2 Rd7 ({Black should play} 34... fxg4 35. Bxg4 Qg5) 35. Qc2 (35. gxf5 $142 gxf5 36. g3) 35... Kf7 (35... fxg4 $16 36. Bxg4 Rc7) 36. g3 ({White should try} 36. gxf5 $18 gxf5 37. Rf4) 36... Ke6 (36... Kg7 $16) 37. gxf5+ gxf5 38. Kg2 Rc7 39. Qd1 Rd7 40. a4 h6 41. Qb3 b6 (41... Rd6 {was necessary.} 42. b5 axb5) 42. Rh4 $18 Qf6 43. Qc2 Rd6 44. a5 bxa5 45. bxa5 Bb5 (45... Kf7 $142 46. Rf4 Bd7) 46. Qc8+ Bd7 47. Qg8+ Ke5 $2 (47... Ke7 {might work better.} 48. Qb8 (48. Bxd5 Rxd5 49. Qh7+ Qf7 $17) 48... Bb5) 48. Rd4 {[%cal Rd4d5]} ({Weaker is} 48. Qb8 Ke6 $18) 48... Bc6 {intending ...Rd8.} 49. Be2 $2 (49. Qc8 $18) 49... Bb7 $2 {[%mdl 8192] [#]} (49... Rd8 $11 50. Qh7 Rd7) 50. f4# {Accuracy: White = 48%, Black = 22%.} 1-0

[Event "Asian Zonal 3.3 Women 2019"]
[Site "Ulaanbaatar"]
[Date "2019.04.12"]
[Round "6.16"]
[White "Anujin, Bat-Amgalan"]
[Black "Urangoo, Kherlenzorig"]
[Result "0-1"]
[WhiteElo "1407"]
[BlackElo "1475"]
[Annotator "NA RC"]
[PlyCount "136"]
[EventDate "2019.04.07"]
[EventType "swiss"]
[EventRounds "9"]
[EventCountry "MGL"]
[SourceTitle "playchess.com"]
[Source "ChessBase"]
[SourceQuality "1"]
[TimeControl "40/5400+30:1800+30"]

1. d4 d5 2. Bf4 Nf6 3. e3 e6 4. Nf3 c5 5. c3 Nc6 6. Nbd2 Be7 7. Ne5 a6 8. Bd3 Bd6 9. Ndf3 h6 10. a3 Nh5 11. Bg3 Nxg3 12. hxg3 Bxe5 13. Nxe5 Nxe5 14. dxe5 Qc7 15. f4 b5 16. Qg4 g6 17. Qh4 Qe7 18. Rd1 Bb7 19. Qxe7+ Kxe7 20. Kf2 Rad8 21. Be2 f6 22. exf6+ Kxf6 23. Rd2 e5 24. Rhd1 Rde8 25. Bf3 e4 26. Be2 Bc6 27. b3 c4 28. bxc4 bxc4 29. Rb2 Rb8 30. Rdb1 Rb5 31. a4 Rxb2 32. Rxb2 Bxa4 33. Rb6+ Kg7 34. Rxa6 Bc2 35. Rd6 Rb8 36. Rxd5 Bd3 37. Bxd3 cxd3 38. c4 Rb2+ 39. Kf1 Rb1+ 40. Kf2 Rb2+ 41. Kf1 Rb1+ 42. Kf2 Rc1 43. Rd4 h5 44. c5 Kf6 45. c6 Rc2+ 46. Kf1 Rc1+ 47. Kf2 Kf5 48. Rd5+ Kf6 49. Rd4 Kf5 50. Rd5+ Kf6 51. Rd4 Rc2+ 52. Kf1 Rxc6 53. Ke1 Rc1+ 54. Kf2 Rc2+ 55. Kf1 g5 56. Rd6+ Kf5 57. Rd5+ Ke6 58. Re5+ Kf6 59. Rd5 gxf4 60. gxf4 Re2 61. Rxh5 Rxe3 62. Rd5 Ke6 63. Ra5 Re2 64. Ra3 Rc2 65. Ke1 Kf5 66. Ra4 Rxg2 67. Kf1 Rc2 68. Ke1 Kxf4 0-1

[Event "Asian Zonal 3.3 Women 2019"]
[Site "Ulaanbaatar"]
[Date "2019.04.12"]
[Round "6.17"]
[White "Enkhnasan, Namjiljav"]
[Black "Udval, Enkhsaikhan"]
[Result "0-1"]
[WhiteElo "1610"]
[BlackElo "1761"]
[Annotator "NA RC"]
[PlyCount "72"]
[EventDate "2019.04.07"]
[EventType "swiss"]
[EventRounds "9"]
[EventCountry "MGL"]
[SourceTitle "playchess.com"]
[Source "ChessBase"]
[SourceQuality "1"]
[TimeControl "40/5400+30:1800+30"]

1. d4 d5 2. c4 c6 3. e3 Nf6 4. Nf3 Nbd7 5. Bd3 e6 6. O-O dxc4 7. Bxc4 b5 8. Bd3 Bd6 9. a4 b4 10. Nbd2 Bb7 11. Nc4 Be7 12. Nce5 O-O 13. b3 c5 14. Bb2 a5 15. Rc1 Nxe5 16. Nxe5 Rc8 17. f3 Bd6 18. Nc4 Bb8 19. dxc5 Rxc5 20. Bd4 Rd5 21. Be4 Nxe4 22. fxe4 Qh4 23. e5 Ba7 24. Rf4 Qxf4 25. exf4 Rxd4 26. Kh1 Rxd1+ 27. Rxd1 Bd5 28. Nxa5 Be3 29. Rf1 Ra8 30. Nc4 Bxc4 31. bxc4 Rxa4 32. Rd1 h6 33. g3 b3 34. Rb1 Rb4 35. Kg2 b2 36. Kf3 Bc1 0-1

[Event "Asian Zonal 3.3 Women 2019"]
[Site "Ulaanbaatar"]
[Date "2019.04.12"]
[Round "6.18"]
[White "Ng, Sau Wai"]
[Black "Margadgua, Erdenebayar"]
[Result "0-1"]
[WhiteElo "1154"]
[BlackElo "1585"]
[Annotator "NA RC"]
[PlyCount "48"]
[EventDate "2019.04.07"]
[EventType "swiss"]
[EventRounds "9"]
[EventCountry "MGL"]
[SourceTitle "playchess.com"]
[Source "ChessBase"]
[SourceQuality "1"]
[TimeControl "40/5400+30:1800+30"]

1. Nf3 d5 2. g3 c6 3. Bg2 Nf6 4. d3 Bg4 5. O-O Nbd7 6. Nbd2 e5 7. e4 Bd6 8. c4 Nc5 9. Qc2 dxe4 10. Nxe4 Nfxe4 11. dxe4 Qf6 12. Bg5 Qg6 13. Be3 Qxe4 14. Ne1 Qxc2 15. Nxc2 O-O 16. f4 Nd3 17. b3 Be2 18. Rfb1 exf4 19. Bxf4 Nxf4 20. gxf4 Bd3 21. Rd1 Bc5+ 22. Kh1 Bxc2 23. Rd7 Rab8 24. h3 Rfd8 0-1

[Event "Asian Zonal 3.3 Women 2019"]
[Site "Ulaanbaatar"]
[Date "2019.04.12"]
[Round "6.19"]
[White "Khanyl, Chuluuntuya"]
[Black "Lkhagvajed, Gantulga"]
[Result "0-1"]
[WhiteElo "1375"]
[BlackElo "1344"]
[Annotator "NA RC"]
[PlyCount "66"]
[EventDate "2019.04.07"]
[EventType "swiss"]
[EventRounds "9"]
[EventCountry "MGL"]
[SourceTitle "playchess.com"]
[Source "ChessBase"]
[SourceQuality "1"]
[TimeControl "40/5400+30:1800+30"]

1. e4 c5 2. Nf3 Nc6 3. d4 cxd4 4. Nxd4 Nf6 5. Nc3 e5 6. Ndb5 d6 7. a4 a6 8. Na3 Be7 9. Bg5 Be6 10. Nc4 Rc8 11. Bxf6 gxf6 12. Ne3 Nd4 13. Bd3 Qd7 14. O-O f5 15. exf5 Nxf5 16. Bxf5 Bxf5 17. f4 e4 18. Ncd5 Qe6 19. Qd4 Rg8 20. Nxe7 Kxe7 21. Nd5+ Kf8 22. Nf6 Rg7 23. Nh5 Rg6 24. c3 Qc4 25. Qd2 Qc5+ 26. Kh1 e3 27. Qe1 Bd3 28. Rf3 Qxh5 29. Qxe3 Bf5 30. Qd4 Kg8 31. Qd5 Re8 32. Qxb7 Be4 33. Qd7 Bxf3 0-1

[Event "Asian Zonal 3.3 Women 2019"]
[Site "Ulaanbaatar"]
[Date "2019.04.13"]
[Round "7.1"]
[White "Munguntuul, Batkhuyag"]
[Black "Munkhzul, Turmunkh"]
[Result "0-1"]
[WhiteElo "2415"]
[BlackElo "2348"]
[Annotator "ChessBase"]
[PlyCount "80"]
[EventDate "2019.04.07"]
[EventType "swiss"]
[EventRounds "9"]
[EventCountry "MGL"]
[SourceTitle "playchess.com"]
[Source "ChessBase"]
[SourceQuality "1"]
[TimeControl "40/5400+30:1800+30"]

1. e4 {[%emt 0:00:00]} c5 {[%emt 0:00:20]} 2. Nf3 {[%emt 0:00:00]} d6 {[%emt 0:00:35]} 3. d4 {[%emt 0:00:00]} cxd4 {[%emt 0:00:09]} 4. Nxd4 {[%emt 0:00:00]} Nf6 {[%emt 0:00:20]} 5. Nc3 {[%emt 0:00:00]} a6 {[%emt 0:00:32]} 6. Nb3 {[%emt 0:00:34]} e5 {[%emt 0:04:54]} 7. Bg5 {[%emt 0:05:41]} Be6 {[%emt 0:03:39]} 8. Bxf6 {[%emt 0:02:08]} gxf6 {[%emt 0:07:06]} 9. Nd5 {[%emt 0:03:38]} Nd7 {[%emt 0:02:05]} 10. Be2 {[%emt 0:10:12]} Nb6 {[%emt 0:05:54]} 11. O-O {[%emt 0:18:25]} Nxd5 {[%emt 0:07:09]} 12. exd5 {[%emt 0:00:37]} Bd7 {[%emt 0:03:11]} 13. Bd3 {[%emt 0:08:01]} f5 {[%emt 0:03:46]} 14. Qh5 {[%emt 0:07:19]} Qf6 {[%emt 0:04:33]} 15. Na5 {[%emt 0:01:43]} Rb8 {[%emt 0:12:15]} 16. a4 {[%emt 0:12:15]} Rg8 {[%emt 0:08:38]} 17. Qe2 {[%emt 0:01:58]} Be7 {[%emt 0:02:53]} 18. c3 {[%emt 0:08:39]} Bd8 {[%emt 0:10:44]} 19. Nc4 {[%emt 0:00:43]} Rc8 {[%emt 0:00:48]} 20. Kh1 {[%emt 0:04:28]} Kf8 {[%emt 0:00:46]} 21. f4 {[%emt 0:04:16]} e4 {[%emt 0:02:33]} 22. Bc2 {[%emt 0:00:02]} h5 {[%emt 0:04:37]} 23. Rad1 {[%emt 0:01:48]} h4 {[%emt 0:01:02]} 24. Rd4 {[%emt 0:00:28]} b5 {[%emt 0:01:42]} 25. Na3 {[%emt 0:02:04]} Bb6 {[%emt 0:00:58]} 26. Rd2 {[%emt 0:00:08]} Qg6 {[%emt 0:02:29]} 27. axb5 {[%emt 0:00:21]} axb5 {[%emt 0:00:50]} 28. Bd1 {[%emt 0:01:42]} Re8 {[%emt 0:04:05]} 29. Nxb5 {[%emt 0:01:33]} Bf2 {[%emt 0:00:36]} 30. Rg1 {[%emt 0:02:59]} Bxg1 {[%emt 0:02:53]} 31. Kxg1 {[%emt 0:00:02]} e3 {[%emt 0:00:22]} 32. Rc2 {[%emt 0:00:11]} Bxb5 {[%emt 0:00:49]} 33. Qxb5 {[%emt 0:00:12]} Qh6 {[%emt 0:01:12]} 34. Qc4 {[%emt 0:01:57]} Re4 {[%emt 0:00:42]} 35. Qc8+ {[%emt 0:00:09]} Kg7 {[%emt 0:00:10]} 36. Qxf5 {[%emt 0:00:02]} Rxf4 {[%emt 0:01:07]} 37. Qd3 {[%emt 0:00:22]} Qf6 {[%emt 0:00:44]} 38. Bf3 {[%emt 0:00:19]} Kh8 {[%emt 0:01:05]} 39. Be2 {[%emt 0:03:19]} Rf2 {[%emt 0:00:06]} 40. Bf1 {[%emt 0:00:00]} e2 {[%emt 0:00:00]} 0-1

[Event "Asian Zonal 3.3 Women 2019"]
[Site "Ulaanbaatar"]
[Date "2019.04.13"]
[Round "7.4"]
[White "Aulia, Medina Warda"]
[Black "Altantuya, Boldbaatar"]
[Result "1-0"]
[WhiteElo "2362"]
[BlackElo "2223"]
[Annotator "ChessBase"]
[PlyCount "147"]
[EventDate "2019.04.07"]
[EventType "swiss"]
[EventRounds "9"]
[EventCountry "MGL"]
[SourceTitle "playchess.com"]
[Source "ChessBase"]
[SourceQuality "1"]
[TimeControl "40/5400+30:1800+30"]

1. e4 {[%emt 0:00:00]} e6 {[%emt 0:00:00]} 2. d4 {[%emt 0:00:00]} d5 {[%emt 0:00:00]} 3. Nd2 {[%emt 0:00:00]} Nf6 {[%emt 0:00:00]} 4. e5 {[%emt 0:00:12]} Nfd7 {[%emt 0:00:00]} 5. Bd3 {[%emt 0:00:06]} c5 {[%emt 0:00:14]} 6. c3 {[%emt 0:00:04]} Nc6 {[%emt 0:00:23]} 7. Ne2 {[%emt 0:00:05]} Qb6 {[%emt 0:00:16]} 8. Nf3 {[%emt 0:01:08]} cxd4 {[%emt 0:00:36]} 9. cxd4 {[%emt 0:00:25]} Bb4+ {[%emt 0:00:03]} 10. Bd2 {[%emt 0:04:09]} f6 {[%emt 0:00:34]} 11. exf6 {[%emt 0:01:16]} Nxf6 {[%emt 0:00:12]} 12. O-O {[%emt 0:00:07]} O-O {[%emt 0:00:55]} 13. a3 {[%emt 0:05:52]} Bd6 {[%emt 0:01:00]} 14. Bc3 {[%emt 0:00:48]} Re8 {[%emt 0:07:40]} 15. Ne5 {[%emt 0:06:34]} Bd7 {[%emt 0:12:08]} 16. Ng3 {[%emt 0:00:43]} Re7 {[%emt 0:04:18]} 17. Kh1 {[%emt 0:09:56]} Rf8 {[%emt 0:11:34]} 18. f4 {[%emt 0:00:08]} a5 {[%emt 0:01:39]} 19. Qd2 {[%emt 0:07:54]} a4 {[%emt 0:05:37]} 20. Rae1 {[%emt 0:01:05]} Qc7 {[%emt 0:03:08]} 21. Qd1 {[%emt 0:04:28]} Na7 {[%emt 0:09:34]} 22. Qe2 {[%emt 0:05:47]} b5 {[%emt 0:01:53]} 23. Qd2 {[%emt 0:02:11]} Nc6 {[%emt 0:03:37]} 24. Qe2 {[%emt 0:11:34]} Na7 {[%emt 0:01:45]} 25. Nxd7 {[%emt 0:05:01]} Qxd7 {[%emt 0:00:33]} 26. Nh5 {[%emt 0:00:05]} Qb7 {[%emt 0:04:25]} 27. Bc2 {[%emt 0:09:46]} Nc6 {[%emt 0:01:00]} 28. Ng3 {[%emt 0:02:07]} Qb8 {[%emt 0:04:37]} 29. Qd2 {[%emt 0:00:18]} Ne8 {[%emt 0:02:01]} 30. Ne2 {[%emt 0:00:29]} Ref7 {[%emt 0:02:26]} 31. g3 {[%emt 0:01:48]} g6 {[%emt 0:05:47]} 32. Ng1 {[%emt 0:00:20]} Ng7 {[%emt 0:00:59]} 33. Nf3 {[%emt 0:00:03]} Be7 {[%emt 0:01:35]} 34. Kg2 {[%emt 0:01:54]} Qb6 {[%emt 0:02:05]} 35. h4 {[%emt 0:03:46]} Qb7 {[%emt 0:07:56]} 36. Nh2 {[%emt 0:01:55]} Kh8 {[%emt 0:03:34]} 37. Ng4 {[%emt 0:00:33]} Bd6 {[%emt 0:01:04]} 38. Nh2 {[%emt 0:00:39]} Qd7 {[%emt 0:01:13]} 39. Nf3 {[%emt 0:00:13]} Be7 {[%emt 0:00:20]} 40. Rh1 {[%emt 0:00:00]} Rb8 {[%emt 0:00:00]} 41. Ng5 {[%emt 0:03:02]} Bxg5 {[%emt 0:02:44]} 42. hxg5 {[%emt 0:01:51]} Kg8 {[%emt 0:01:02]} 43. Rh2 {[%emt 0:03:05]} Nf5 {[%emt 0:03:19]} 44. Reh1 {[%emt 0:00:36]} Qb7 {[%emt 0:02:19]} 45. g4 {[%emt 0:02:15]} Nfe7 {[%emt 0:00:25]} 46. Kg3 {[%emt 0:06:15]} Qc7 {[%emt 0:03:49]} 47. Re1 {[%emt 0:00:52]} Rbf8 {[%emt 0:01:22]} 48. Rf2 {[%emt 0:00:12]} Qd6 {[%emt 0:00:54]} 49. Qe3 {[%emt 0:00:47]} Nd8 {[%emt 0:02:56]} 50. Bb4 {[%emt 0:02:11]} Qb8 {[%emt 0:05:03]} 51. Bc5 {[%emt 0:02:58]} Re8 {[%emt 0:06:21]} 52. Rh1 {[%emt 0:03:04]} Nb7 {[%emt 0:01:05]} 53. Bb4 {[%emt 0:01:22]} Nc6 {[%emt 0:01:12]} 54. Rfh2 {[%emt 0:03:05]} Rg7 {[%emt 0:00:52]} 55. Bc3 {[%emt 0:02:09]} Nd6 {[%emt 0:00:39]} 56. Kg2 {[%emt 0:01:09]} Nc4 {[%emt 0:00:58]} 57. Qg3 {[%emt 0:00:04]} Qc7 {[%emt 0:01:01]} 58. Re1 {[%emt 0:00:22]} Ree7 {[%emt 0:01:53]} 59. Rhh1 {[%emt 0:01:33]} Nd6 {[%emt 0:01:01]} 60. Re2 {[%emt 0:00:51]} Qd7 {[%emt 0:01:32]} 61. Rhe1 {[%emt 0:01:08]} Rgf7 {[%emt 0:00:29]} 62. Bd3 {[%emt 0:02:50]} Nc4 {[%emt 0:00:51]} 63. Rh1 {[%emt 0:04:04]} Qd6 {[%emt 0:00:54]} 64. Rf2 {[%emt 0:00:07]} b4 {[%emt 0:00:24]} 65. axb4 {[%emt 0:01:15]} Nxb4 {[%emt 0:00:04]} 66. Be2 {[%emt 0:02:54]} Rb7 {[%emt 0:01:09]} 67. Ra1 {[%emt 0:02:21]} Nb6 {[%emt 0:01:36]} 68. Bb5 {[%emt 0:00:36]} Ra7 {[%emt 0:00:46]} 69. f5 {[%emt 0:00:26]} Qxg3+ {[%emt 0:00:31]} 70. Kxg3 {[%emt 0:00:03]} Na6 {[%emt 0:00:29]} 71. fxe6 {[%emt 0:00:19]} Rxf2 {[%emt 0:00:20]} 72. Kxf2 {[%emt 0:00:03]} Nc7 {[%emt 0:00:20]} 73. Bd7 {[%emt 0:00:56]} Nxd7 {[%emt 0:00:55]} 74. exd7 {[%emt 0:00:04]} 1-0

[Event "Asian Zonal 3.3 Women 2019"]
[Site "Ulaanbaatar"]
[Date "2019.04.13"]
[Round "7.5"]
[White "Hoang, Thi Bao Tram"]
[Black "Nomindalai Tumurbaatar"]
[Result "1/2-1/2"]
[WhiteElo "2298"]
[BlackElo "1958"]
[Annotator "ChessBase"]
[PlyCount "129"]
[EventDate "2019.04.07"]
[EventType "swiss"]
[EventRounds "9"]
[EventCountry "MGL"]
[SourceTitle "playchess.com"]
[Source "ChessBase"]
[SourceQuality "1"]
[TimeControl "40/5400+30:1800+30"]

1. d4 {[%emt 0:00:00]} d6 {[%emt 0:00:00]} 2. c4 {[%emt 0:01:00]} e5 {[%emt 0:00:15]} 3. Nf3 {[%emt 0:02:45]} e4 {[%emt 0:00:43]} 4. Ng5 {[%emt 0:00:48]} f5 {[%emt 0:01:16]} 5. g3 {[%emt 0:00:30]} Nf6 {[%emt 0:02:28]} 6. Bg2 {[%emt 0:00:39]} g6 {[%emt 0:01:45]} 7. Nc3 {[%emt 0:05:59]} Bg7 {[%emt 0:01:54]} 8. h4 {[%emt 0:02:51]} h6 {[%emt 0:07:15]} 9. Nh3 {[%emt 0:00:26]} Be6 {[%emt 0:00:14]} 10. Qb3 {[%emt 0:04:43]} Qc8 {[%emt 0:02:12]} 11. f3 {[%emt 0:06:23]} exf3 {[%emt 0:02:43]} 12. Bxf3 {[%emt 0:00:13]} c6 {[%emt 0:03:13]} 13. d5 {[%emt 0:05:51]} Bf7 {[%emt 0:18:32]} 14. Bf4 {[%emt 0:01:35]} O-O {[%emt 0:07:35]} 15. Bxd6 {[%emt 0:03:19]} Re8 {[%emt 0:00:26]} 16. Rd1 {[%emt 0:02:09]} Nbd7 {[%emt 0:07:08]} 17. Nf2 {[%emt 0:09:27]} Ne5 {[%emt 0:10:47]} 18. Bg2 {[%emt 0:04:27]} Nh5 {[%emt 0:10:04]} 19. Nb1 {[%emt 0:07:24]} b5 {[%emt 0:03:30]} 20. Nd2 {[%emt 0:04:18]} bxc4 {[%emt 0:02:36]} 21. Nxc4 {[%emt 0:00:57]} Nxc4 {[%emt 0:00:09]} 22. Qxc4 {[%emt 0:00:14]} cxd5 {[%emt 0:00:39]} 23. Qd3 {[%emt 0:00:39]} Bxb2 {[%emt 0:04:26]} 24. Bxd5 {[%emt 0:10:42]} Bxd5 {[%emt 0:01:34]} 25. Qxd5+ {[%emt 0:00:07]} Qe6 {[%emt 0:00:03]} 26. Qd3 {[%emt 0:05:47]} Rad8 {[%emt 0:02:30]} 27. Qb3 {[%emt 0:05:24]} Qxb3 {[%emt 0:00:43]} 28. axb3 {[%emt 0:00:09]} Bc3+ {[%emt 0:00:03]} 29. Kf1 {[%emt 0:00:06]} Rxd6 {[%emt 0:05:04]} 30. Rxd6 {[%emt 0:00:09]} Nxg3+ {[%emt 0:00:03]} 31. Kg2 {[%emt 0:00:34]} Nxh1 {[%emt 0:00:05]} 32. Nxh1 {[%emt 0:00:07]} Rxe2+ {[%emt 0:01:48]} 33. Kf3 {[%emt 0:00:24]} Rh2 {[%emt 0:01:02]} 34. Ng3 {[%emt 0:05:07]} Be5 {[%emt 0:03:02]} 35. Re6 {[%emt 0:00:25]} Bd4 {[%emt 0:00:51]} 36. Ne2 {[%emt 0:01:28]} Rh3+ {[%emt 0:00:06]} 37. Kg2 {[%emt 0:00:46]} Rxh4 {[%emt 0:00:07]} 38. Nxd4 {[%emt 0:02:34]} Rg4+ {[%emt 0:00:48]} 39. Kf2 {[%emt 0:02:39]} Rxd4 {[%emt 0:00:33]} 40. Rxg6+ {[%emt 0:00:00]} Kh7 {[%emt 0:00:00]} 41. Rf6 {[%emt 0:00:17]} Rf4+ {[%emt 0:00:24]} 42. Kg3 {[%emt 0:03:10]} Rb4 {[%emt 0:02:08]} 43. Rf7+ {[%emt 0:00:29]} Kg6 {[%emt 0:00:05]} 44. Rxa7 {[%emt 0:00:05]} Rxb3+ {[%emt 0:00:04]} 45. Kf4 {[%emt 0:00:10]} Rb4+ {[%emt 0:00:54]} 46. Kf3 {[%emt 0:01:16]} Rb1 {[%emt 0:08:18]} 47. Ra8 {[%emt 0:02:35]} Rf1+ {[%emt 0:00:19]} 48. Kg2 {[%emt 0:00:18]} Rf4 {[%emt 0:00:18]} 49. Kg3 {[%emt 0:03:18]} Rg4+ {[%emt 0:00:07]} 50. Kf3 {[%emt 0:00:13]} h5 {[%emt 0:02:19]} 51. Rg8+ {[%emt 0:02:59]} Kf6 {[%emt 0:00:07]} 52. Rf8+ {[%emt 0:01:22]} Kg5 {[%emt 0:00:06]} 53. Rg8+ {[%emt 0:00:21]} Kh4 {[%emt 0:00:08]} 54. Rf8 {[%emt 0:00:08]} Rg5 {[%emt 0:01:10]} 55. Rf7 {[%emt 0:03:50]} Kh3 {[%emt 0:00:17]} 56. Rh7 {[%emt 0:02:27]} h4 {[%emt 0:00:46]} 57. Kf4 {[%emt 0:00:20]} Rg4+ {[%emt 0:00:07]} 58. Kf3 {[%emt 0:01:38]} Kh2 {[%emt 0:03:39]} 59. Rh5 {[%emt 0:01:04]} Kg1 {[%emt 0:01:44]} 60. Rxf5 {[%emt 0:00:34]} Rg3+ {[%emt 0:00:07]} 61. Ke2 {[%emt 0:02:57]} h3 {[%emt 0:04:06]} 62. Rf1+ {[%emt 0:00:46]} Kh2 {[%emt 0:00:04]} 63. Rf8 {[%emt 0:00:31]} Kg2 {[%emt 0:01:38]} 64. Rf2+ {[%emt 0:00:10]} Kh1 {[%emt 0:00:04]} 65. Rf8 {[%emt 0:00:13]} 1/2-1/2

[Event "Asian Zonal 3.3 Women 2019"]
[Site "Ulaanbaatar"]
[Date "2019.04.13"]
[Round "7.6"]
[White "Pham, Le Thao Nguyen"]
[Black "Doan, Thi Hong Nhung"]
[Result "1-0"]
[WhiteElo "2383"]
[BlackElo "1938"]
[Annotator "TA"]
[PlyCount "65"]
[EventDate "2019.04.07"]
[EventType "swiss"]
[EventRounds "9"]
[EventCountry "MGL"]
[SourceTitle "playchess.com"]
[Source "ChessBase"]
[SourceQuality "1"]

{[%evp 9,65,-2,17,-9,10,-19,13,-18,-13,-6,-14,-14,0,-16,-8,-24,8,2,20,0,27,0,22,23,15,21,46,32,26,29,86,0,74,0,0,0,64,61,65,54,0,0,57,63,238,229,322,218,279,277,483,477,774,763,716,731,755,713]} 1. d4 Nf6 2. Nf3 e6 3. Bf4 c5 4. e3 Qb6 5. Qc1 d5 (5... Nc6 6. c3 d5 7. h3 Be7 8. Nbd2 O-O 9. Bd3 h6 10. O-O Nd7 11. a3 a5 12. a4 Qd8 13. Qd1 b6 14. Qe2 Bb7 {1-0 (47) Esipenko,A (2593)-Sokolin,L (2508) St Petersburg 2018}) 6. c3 {A46: 1 d4 Nf6 2 Nf3 e6: Torre, London and Colle Systems} Bd7 7. a4 Nc6 8. dxc5 $146 {The position is equal.} ({Predecessor:} 8. Bd3 Rc8 9. O-O Nh5 10. Bg3 Nxg3 11. hxg3 g6 12. Nbd2 Bg7 13. Qb1 {1-0 (71) Mejuto de Ulloa,J (2132)-Garcia Padron,J (2432) Linares 2017}) 8... Qxc5 9. Nbd2 Rc8 10. Qd1 g6 11. Bb5 Bg7 12. O-O O-O 13. e4 a6 14. Bd3 dxe4 15. Bxe4 Nxe4 16. Nxe4 Qf5 17. Bd6 Rfd8 18. Qe2 Be8 19. h3 Qh5 (19... Ne5 $11) 20. Rfd1 (20. Bf4 $16) 20... Rd7 (20... Na5 $1 $11) 21. Ng3 ({Better is} 21. Bg3 $16) 21... Qa5 $11 22. Rd3 b5 (22... Rcd8 $11 23. b4 Qb6) 23. Ne4 $1 $14 {[%cal Bg3e4,Be4c5,Bc5b7,Bb7a5,Ba5b7][%mdl 32]} bxa4 24. Nc5 $1 $36 {[%mdl 2048] White is more active.} Rxd6 25. Nb7 {[%mdl 64] Double Attack} Rxd3 ({Black should play} 25... Ne5 $1 $11 26. Nxd6 (26. Nxa5 Nxd3 27. Ng5 Bb5 $11) 26... Nxd3 27. Nxc8 Bb5) 26. Nxa5 Rcd8 $2 {[#]} ({Black should try} 26... Rd5 $14 27. Qxa6 Ne7) 27. Nb7 $1 $18 ({Worse is} 27. Rxa4 Ne5 $11) 27... R3d5 (27... R8d5 $142 28. c4 (28. Rxa4 Ne5 $11) 28... Rd8 29. Nxd8 Rxd8) 28. c4 ({Not} 28. Rxa4 Rb8 $16) 28... Rd4 29. Nxd4 Rxd4 $2 (29... Nxd4 30. Qe3 Rd7) 30. Rxa4 {White is clearly winning.} Bh6 (30... Nb8 $142 31. Ra1 Bf6) 31. Rxa6 Rd2 32. Qe1 Kg7 33. Ra8 {Accuracy: White = 63%, Black = 22%.} 1-0